| 000 | 00575nam a2200181Ia 4500 | ||
|---|---|---|---|
| 008 | 100920s9999 xx 000 0 und d | ||
| 082 |
_b106013 _a--- न 09 |
||
| 100 | _aनायक श्रीकांत विष्णु. | ||
| 245 | _aमर्मभेद. | ||
| 260 |
_bज्ञानदत्त प्रकाशन पुणे. _c2009 |
||
| 300 |
_a230 _bसाधी |
||
| 365 | _b225 | ||
| 520 | _aकादंबरी. | ||
| 630 | _aमर्मभेद. | ||
| 650 | _aकादंबरी. | ||
| 730 | _aमर्मभेद. | ||
| 942 | _cBOOK | ||
| 999 |
_c746444 _d746441 |
||